| 000 | 00594nam a2200217Ia 4500 | ||
|---|---|---|---|
| 003 | GCL | ||
| 008 | 140319s9999 xx 000 0 eng d | ||
| 040 |
_aGCL / _cGCL |
||
| 082 | 0 | 4 |
_a194 _bA A |
| 100 | 1 | _aAMIOT, ANNE - MARIE | |
| 245 | 1 | 0 |
_aALBERT CAMUS ET LA PHILOSOPHIE / _cAMIOT, ANNE - MARIE |
| 700 | 1 | _aMULTEI, JEAN - FRANCAIS | |
| 260 |
_a[S.N] : _bPRESSES UNIVERSITAIRES DE FRANCE ، _c1997 |
||
| 300 | _a296 P | ||
| 650 | 0 | 4 | _aPHILOSOPHY |
| 650 | 0 | 4 | _aMODERN PHILOSOPHY |
| 650 | 0 | 4 | _aCAMUS, ALBERT |
| 650 | 0 | 4 | _aBIOGRAPHIES |
| 650 | 0 | 4 | _aFRENCH PHILOSOPHERS |
| 942 |
_2ddc _cBK |
||
| 999 |
_c16293 _d16293 |
||